000 01076nam a2200277Ia 4500
003 OSt
005 20221005105531.0
006 a|||||r|||| 00| 0
007 ta
008 221004b |||||||| |||| 00| 0 hin d
020 _a9788183616775 (hbk)
_cINR 495.00
024 _a34256
037 _bBR-3116, 15/09/2017, Rajkamal Prakashan Pvt. Ltd.
_cTextual
040 _aCRL
_cCRL
_bhin
041 _2hin
_ahin
082 _aO152,3N642,MM, Q6
100 _aअश्विनी कुमार पंकज, ले.
245 0 _aमाटी माटी अरकाटी
246 _aMāṭī māṭī arakāṭī
260 _aनई दिल्ली
_bराजकमल प्रकाशन भारत
_c2016
300 _a259पृ0
_ccm.
650 _a हिन्दी साहित्य
650 _aहिन्दी कहानी
942 _hO152,3N642,MM, Q6
_cTEXL
_2cc
999 _c1016103
_d1016103